000 00514nam a2200205Ia 4500
003 OSt
005 20221007112527.0
006 a|||||r|||| 00| 0
007 ta
008 221006b |||||||| |||| 00| 0 eng d
024 _a28,394
037 _cBound Volume
040 _aLCO
_cLCO
_beng
041 _2eng
_aeng
245 4 _aTHE YEARLY DIGEST OF SUPREME COURT CASES
260 _aDelhi
_bEastern book.co India
_c1969
490 _v1971
942 _cCR
999 _c1197957
_d1197957